Drug Metabolism and Drug Interactions ++ continued by Drug Metabolism and Personalized Therapy

Detalles Bibliográficos
Formato: Electrónico Revista
Lenguaje:English
Publicado: Cambridge University Press
Acceso en línea:Full text available on Research4Life (HINARI,AGORA,OARE,ARDI & GOALI)
LEADER 00836cas a2200181 a 4500
001 AALejournalResearch4Life000720
008 240902c9999 xx r poo 0 0eng d
022 |a 0792-5077 
022 |a 2191-0162 
040 |a BD-DhAAL  |c BD-DhAAL 
245 0 0 |h [electronic resource]  |a Drug Metabolism and Drug Interactions ++ continued by Drug Metabolism and Personalized Therapy 
260 |b Cambridge University Press 
300 |a 1 online resource 
362 0 |a v. 3 (1981) - v. 29 (2014) 
500 |a <strong>On-Campus Access Only (IP based access)</strong> 
506 |a Electronic access restricted to authorized BRAC University faculty, staff and students 
538 |a Mode of access: Internet 
856 4 0 |z Full text available on Research4Life (HINARI,AGORA,OARE,ARDI & GOALI)  |u https://login.research4life.org/tacsgr1www_degruyter_com/view/j/dmdi